О возможности использования эффекта П. А. Ребиндера при бурении скважин; Известия Томского политехнического университета [Известия ТПУ]; Т. 317, № 1: Науки о Земле

Dettagli Bibliografici
Parent link:Известия Томского политехнического университета [Известия ТПУ]/ Томский политехнический университет (ТПУ).— , 2000-
Т. 317, № 1: Науки о Земле.— 2010.— [С. 165-169]
Autore principale: Евсеев В. Д. Виктор Дмитриевич
Riassunto:Заглавие с титульного листа
Электронная версия печатной публикации
Дано объяснение эффекта П. А. Ребиндера при разрушении горных пород, минералов в присутствии жидкостей различной природы с учетом возникающей при разрушении электризации свежих поверхностей растущих трещин. Указана причина невозможности использования эффекта П. А. Ребиндера при бурении скважин.
Lingua:russo
Pubblicazione: 2010
Serie:Технология и техника геологоразведочных работ
Soggetti:
Accesso online:http://www.lib.tpu.ru/fulltext/v/Bulletin_TPU/2010/v317/i1/29.pdf
Natura: MixedMaterials Elettronico Capitolo di libro
KOHA link:https://koha.lib.tpu.ru/cgi-bin/koha/opac-detail.pl?biblionumber=188184

MARC

LEADER 00000nla2a2200000 4500
001 188184
005 20231031174855.0
035 |a (RuTPU)RU\TPU\book\204414 
035 |a RU\TPU\book\204413 
090 |a 188184 
100 |a 20101206d2010 k y0rusy50 ca 
101 0 |a rus 
102 |a RU 
135 |a drnn ---uucaa 
181 0 |a i  
182 0 |a b 
200 1 |a О возможности использования эффекта П. А. Ребиндера при бурении скважин  |b Электронный ресурс  |f В. Д. Евсеев 
203 |a Текст  |c электронный 
215 |a 1 файл (66 Кб) 
225 1 |a Технология и техника геологоразведочных работ 
230 |a Электронные текстовые данные (1 файл : 66 Кб) 
300 |a Заглавие с титульного листа 
300 |a Электронная версия печатной публикации 
320 |a [Библиогр.: с. 169 (13 назв.)] 
330 |a Дано объяснение эффекта П. А. Ребиндера при разрушении горных пород, минералов в присутствии жидкостей различной природы с учетом возникающей при разрушении электризации свежих поверхностей растущих трещин. Указана причина невозможности использования эффекта П. А. Ребиндера при бурении скважин. 
337 |a Adobe Reader 
461 1 |0 (RuTPU)RU\TPU\book\176237  |t Известия Томского политехнического университета [Известия ТПУ]  |f Томский политехнический университет (ТПУ)  |d 2000- 
463 1 |0 (RuTPU)RU\TPU\book\203786  |x 1684-8519  |t Т. 317, № 1: Науки о Земле  |v [С. 165-169]  |d 2010  |p 227 с. 
610 1 |a неорганические диэлектрики 
610 1 |a горные породы 
610 1 |a полярные жидкости 
610 1 |a неполярные жидкости 
610 1 |a электрическая проводимость 
610 1 |a электрические заряды 
610 1 |a релаксация 
610 1 |a прочность 
610 1 |a твердость 
610 1 |a бурение 
610 1 |a труды учёных ТПУ 
610 1 |a электронный ресурс 
700 1 |a Евсеев  |b В. Д.  |c горный инженер  |c профессор Томского политехнического университета  |f 1947-  |g Виктор Дмитриевич  |2 stltpush  |3 (RuTPU)RU\TPU\pers\26127 
801 1 |a RU  |b 63413507  |c 20090623  |g PSBO 
801 2 |a RU  |b 63413507  |c 20211223  |g PSBO 
856 4 |u http://www.lib.tpu.ru/fulltext/v/Bulletin_TPU/2010/v317/i1/29.pdf 
942 |c CF